书目信息 |
| 题名: |
钢结构及非标容器制造安装
|
|
| 作者: | 本书编写组 | |
| 分册: | ||
| 出版信息: | 北京 石油工业出版社 2016.02 |
|
| 页数: | 521页 | |
| 开本: | 26cm | |
| 丛书名: | ||
| 单 册: | ||
| 中图分类: | TE65 | |
| 科图分类: | ||
| 主题词: | 石油化工 | |
| 电子资源: | ||
| ISBN: | 978-7-5183-0823-1 | |
| 000 | 00608nam0 2200193 450 | |
| 001 | 3562 | |
| 005 | 20160926153929.92 | |
| 010 | @a978-7-5183-0823-1@b平装@dCNY118.00 | |
| 100 | @a20151001d2016 km y0chiy0120 ea | |
| 101 | 0 | @achi |
| 102 | @aCN@b110000 | |
| 200 | 1 | @a钢结构及非标容器制造安装@Agang jie gou ji fei biao rong qi zhi zao an zhuang@f本书编写组@Fben shu bian xie zu |
| 210 | @a北京@c石油工业出版社@d2016.02 | |
| 215 | @a521页@d26cm | |
| 330 | @a石油化工设备·压力容器·技术培训·教材 | |
| 606 | 0 | @a石油化工 |
| 690 | @aTE65@v4 | |
| 801 | 0 | @aCN@b唐山师范学院图书馆@c20151001 |
| 905 | @aZUCC@dTE65@e39 | |
| 钢结构及非标容器制造安装/本书编写组.-北京:石油工业出版社,2016.02 |
| 521页;26cm |
| ISBN 978-7-5183-0823-1(平装):CNY118.00 |
| 石油化工设备·压力容器·技术培训·教材 |
| ● |
| 相关链接 |
|
|
|
|
正题名:钢结构及非标容器制造安装
索取号:TE65/39
 
预约/预借
| 序号 | 登录号 | 条形码 | 馆藏地/架位号 | 状态 | 备注 |
| 1 | 905632 | 209056322 | 第二样本阅览室/ [索取号:TE65/39] | 在馆 | |
| 2 | 905633 | 209056331 | 第三借阅区/ [索取号:TE65/39] | 在馆 | |
| 3 | 905634 | 209056340 | 第三借阅区/ [索取号:TE65/39] | 在馆 | |
| 4 | 905635 | 209056359 | 第三借阅区/ [索取号:TE65/39] | 在馆 |